000
002950000a22000970004500
100
1
_a
Richard, Pablo
245
1
0
_a
Futuro del cristianismo en occidente después de la guerra contra Irak
300
_a
Vol. 23, Num 2 (II Semestre, 2003), Páginas 27-38
773
0
_t
Vida y pensamiento
942
_c
ANA
999
_c
53261
_d
53261